[Event "Thüringenliga 2016/2017"]
[Site "?"]
[Date "2016.09.25"]
[Round "1"]
[White "Scheitz, Michael"]
[Black "August, Daniel"]
[Result "1/2-1/2"]
[WhiteElo "2015"]
[BlackElo "2019"]
[PlyCount "84"]
[EventDate "2016.??.??"]
[WhiteTeam "SSV Vimaria 91 Weimar"]
[BlackTeam "SV Schott Jena"]

1. d4 d6 2. g3 Nf6 3. Bg2 g6 4. Nf3 Bg7 5. c4 O-O 6. O-O Bf5 7. Qb3 Qc8 8. Nc3
c6 9. Nh4 Bd7 10. e4 Na6 11. f4 Rb8 12. f5 Ne8 13. Be3 Nec7 14. Rad1 c5 15.
dxc5 Nxc5 16. Qc2 a5 17. Qd2 Bc6 18. Bh6 Nd7 19. Bxg7 Kxg7 20. fxg6 fxg6 21.
Qg5 Qd8 22. Nf5+ Rxf5 23. exf5 Ne8 24. fxg6 hxg6 25. Ne4 Ne5 26. Qf4 Nc7 27. c5
Ne6 28. Qh4 Bxe4 29. Bxe4 Nxc5 30. Bg2 Qc7 31. Qd4 Ne6 32. Qd2 Re8 33. Rc1 Qb6+
34. Kh1 Rh8 35. Qc3 Nc5 36. Bd5 e6 37. Bg2 Qd8 38. Qd4 Qg5 39. Qxd6 Rxh2+ 40.
Kxh2 Ng4+ 41. Kg1 Qe3+ 42. Kh1 Qh6+ 1/2-1/2

[Event "Thüringenliga 2016/2017"]
[Site "?"]
[Date "2016.09.25"]
[Round "1"]
[White "Babrikowski, Peter"]
[Black "Albrecht, Jürgen"]
[Result "1/2-1/2"]
[WhiteElo "2084"]
[BlackElo "2015"]
[PlyCount "26"]
[EventDate "2016.??.??"]
[WhiteTeam "SV Schott Jena"]
[BlackTeam "SSV Vimaria 91 Weimar"]

1. e4 c5 2. c3 Nf6 3. e5 Nd5 4. d4 cxd4 5. Qxd4 e6 6. Nf3 Nc6 7. Qe4 f5 8. exf6
Nxf6 9. Qh4 d5 10. Bd3 Bd6 11. Bg5 e5 12. Bg6+ Kd7 13. Bf7 Qf8 1/2-1/2

[Event "Thüringenliga 2016/2017"]
[Site "?"]
[Date "2016.09.25"]
[Round "1"]
[White "Riedel, Finn"]
[Black "Brömel, Richard"]
[Result "1/2-1/2"]
[WhiteElo "2029"]
[BlackElo "2052"]
[PlyCount "32"]
[EventDate "2016.??.??"]
[WhiteTeam "SSV Vimaria 91 Weimar"]
[BlackTeam "SV Schott Jena"]

1. e4 c6 2. d4 g6 3. Nc3 d5 4. Nf3 Bg7 5. h3 dxe4 6. Nxe4 Nd7 7. Bc4 Ngf6 8.
Ng3 O-O 9. O-O Qc7 10. Re1 e6 11. Qe2 Nb6 12. Bb3 a5 13. a3 Nbd5 14. Ne5 c5 15.
c4 Ne7 16. dxc5 Qxc5 1/2-1/2

[Event "Thüringenliga 2016/2017"]
[Site "?"]
[Date "2016.09.25"]
[Round "1"]
[White "Jung, Florian"]
[Black "Gulich, Christian"]
[Result "0-1"]
[WhiteElo "1929"]
[BlackElo "1955"]
[PlyCount "48"]
[EventDate "2016.??.??"]
[WhiteTeam "SV Schott Jena"]
[BlackTeam "SSV Vimaria 91 Weimar"]

1. a3 g6 2. Nf3 Bg7 3. d4 f5 4. h3 Nf6 5. g4 fxg4 6. hxg4 Nxg4 7. Qd3 O-O 8.
Rxh7 Kxh7 9. Ng5+ Kg8 10. Bh3 d5 11. f3 Bf5 12. e4 Qd6 13. exf5 Qg3+ 14. Ke2
Nf2 15. Qe3 Nxh3 16. Qe6+ Kh8 17. Qxg6 Qf2+ 18. Kd1 Qf1+ 19. Kd2 Nxg5 20. Qxg5
Nc6 21. Qh5+ Kg8 22. c3 Rf6 23. Kc2 Raf8 24. Nd2 Qg2 0-1

[Event "Thüringenliga 2016/2017"]
[Site "?"]
[Date "2016.09.25"]
[Round "1"]
[White "Weiß, Thomas"]
[Black "Bunke, Wilfried"]
[Result "1/2-1/2"]
[WhiteElo "1872"]
[BlackElo "1942"]
[PlyCount "45"]
[EventDate "2016.??.??"]
[WhiteTeam "SSV Vimaria 91 Weimar"]
[BlackTeam "SV Schott Jena"]

1. d4 Nf6 2. c4 e6 3. Nf3 d5 4. Nc3 c6 5. e3 Nbd7 6. Qc2 Be7 7. b3 O-O 8. Bb2
b6 9. Bd3 Bb7 10. O-O Rc8 11. Rad1 g6 12. e4 dxe4 13. Nxe4 Nxe4 14. Bxe4 Qc7
15. Ne5 Nxe5 16. dxe5 Rfd8 17. Rxd8+ Rxd8 18. Rd1 Rxd1+ 19. Qxd1 c5 20. Bxb7
Qxb7 21. Qd3 Qc7 22. Bc3 Qd8 23. Qxd8+ 1/2-1/2

[Event "Thüringenliga 2016/2017"]
[Site "?"]
[Date "2016.09.25"]
[Round "1"]
[White "Seifert, Michael"]
[Black "Gräf, Michael"]
[Result "1/2-1/2"]
[WhiteElo "1834"]
[BlackElo "1850"]
[PlyCount "94"]
[EventDate "2016.??.??"]
[WhiteTeam "SV Schott Jena"]
[BlackTeam "SSV Vimaria 91 Weimar"]

1. Nf3 Nf6 2. g3 g6 3. Bg2 Bg7 4. d4 d5 5. O-O O-O 6. Nbd2 b6 7. c4 e6 8. b3
Bb7 9. Bb2 Nbd7 10. cxd5 exd5 11. Rc1 Rc8 12. b4 Re8 13. e3 c5 14. bxc5 bxc5
15. dxc5 Nxc5 16. Nb3 Nxb3 17. Rxc8 Bxc8 18. Qxb3 Be6 19. Bd4 Ne4 20. Rc1 Qa5
21. Qb2 Bxd4 22. Nxd4 Qb6 23. Qxb6 axb6 24. Rb1 Nc3 25. Rxb6 Nxa2 26. Nxe6 fxe6
27. Rxe6 Rd8 28. Re7 Nc3 29. Rc7 d4 30. exd4 Ne2+ 31. Kf1 Nxd4 32. h4 Kh8 33.
Bh3 Rb8 34. Rc8+ Rxc8 35. Bxc8 Kg7 36. Kg2 Kf6 37. f4 Nb3 38. Kf2 Nd2 39. Bh3
Nc4 40. g4 Ke7 41. Ke2 Kd6 42. Kd3 Nb2+ 43. Ke4 Nd1 44. Bf1 Nc3+ 45. Kd4 Nd5
46. f5 gxf5 47. gxf5 Nf6 1/2-1/2

[Event "Thüringenliga 2016/2017"]
[Site "?"]
[Date "2016.09.25"]
[Round "1"]
[White "Sack, Matthias"]
[Black "Middelhoff, Cornelius"]
[Result "1/2-1/2"]
[WhiteElo "1923"]
[BlackElo "2054"]
[PlyCount "57"]
[EventDate "2016.??.??"]
[WhiteTeam "SV Hermsdorf"]
[BlackTeam "TSG Apolda"]

1. e4 c5 2. Nf3 Nc6 3. Bb5 d6 4. O-O Bd7 5. d4 cxd4 6. Nxd4 Nf6 7. Nc3 g6 8.
Re1 Bg7 9. Bg5 O-O 10. Bxc6 bxc6 11. h3 e5 12. Nb3 Qc7 13. Qf3 Nh5 14. g4 Nf4
15. Bxf4 exf4 16. Qxf4 f5 17. exf5 gxf5 18. Re7 fxg4 19. Qg5 Rf7 20. Rxf7 Kxf7
21. Re1 Qd8 22. Qh5+ Kg8 23. hxg4 Qf6 24. Nd5 Qf3 25. Ne7+ Kf8 26. Qxh7 Qxg4+
27. Kh1 Qf3+ 28. Kg1 Qg4+ 29. Kh1 1/2-1/2

[Event "Thüringenliga 2016/2017"]
[Site "?"]
[Date "2016.09.25"]
[Round "1"]
[White "Rohmeiß, Roberto"]
[Black "Schulz, Phillip"]
[Result "0-1"]
[WhiteElo "1995"]
[BlackElo "1851"]
[PlyCount "72"]
[EventDate "2016.??.??"]
[WhiteTeam "TSG Apolda"]
[BlackTeam "SV Hermsdorf"]

1. d4 d5 2. Nf3 e6 3. c4 c5 4. e3 Nf6 5. Nc3 Nc6 6. a3 cxd4 7. exd4 g6 8. c5
Bg7 9. Bb5 O-O 10. O-O Ne4 11. Qd3 Nxc3 12. Qxc3 Qc7 13. Re1 Bd7 14. Bf1 Rfe8
15. Ne5 Nxe5 16. dxe5 Rec8 17. b4 a5 18. Bb2 b6 19. Rac1 Bf8 20. Qg3 axb4 21.
axb4 bxc5 22. bxc5 Bxc5 23. h4 Qb6 24. Bc3 Ra2 25. Re2 Rxe2 26. Bxe2 Ra8 27.
Be1 Ra2 28. Bd3 Ra3 29. h5 Bb5 30. hxg6 hxg6 31. Rd1 Bxd3 32. Rxd3 Qb1 33. Rxa3
Qxe1+ 34. Kh2 Bxa3 35. Qxa3 Qxf2 36. Qb4 Kg7 0-1

[Event "Thüringenliga 2016/2017"]
[Site "?"]
[Date "2016.09.25"]
[Round "1"]
[White "Hadlich, Gerald"]
[Black "Goemann, Jens"]
[Result "1/2-1/2"]
[WhiteElo "1812"]
[BlackElo "2057"]
[PlyCount "49"]
[EventDate "2016.??.??"]
[WhiteTeam "SV Hermsdorf"]
[BlackTeam "TSG Apolda"]

1. e4 e6 2. d4 d5 3. Nd2 c5 4. exd5 exd5 5. Ngf3 Nc6 6. Bb5 Bd6 7. dxc5 Bxc5 8.
Nb3 Bd6 9. O-O Nge7 10. Nbd4 O-O 11. h3 h6 12. c3 Bc7 13. Be3 a6 14. Bd3 Qd6
15. Bc2 Ne5 16. Nxe5 Qxe5 17. Nf3 Qd6 18. Bd4 Nc6 19. Qd3 g6 20. Qd2 Nxd4 21.
Qxd4 Be6 22. Rad1 Rad8 23. Qh4 Kg7 24. Qd4+ Kg8 25. Qh4 1/2-1/2

[Event "Thüringenliga 2016/2017"]
[Site "?"]
[Date "2016.09.25"]
[Round "1"]
[White "Carnot, Luca"]
[Black "Baulig, Manuel"]
[Result "1-0"]
[WhiteElo "1808"]
[BlackElo "1780"]
[PlyCount "37"]
[EventDate "2016.??.??"]
[WhiteTeam "TSG Apolda"]
[BlackTeam "SV Hermsdorf"]

1. Nf3 Nf6 2. d4 e6 3. Bf4 d5 4. e3 Bd6 5. Ne5 O-O 6. Nd2 b6 7. Qf3 Bb7 8. Bd3
c5 9. c3 Qc7 10. g4 Nc6 11. g5 Nd7 12. Bxh7+ Kxh7 13. g6+ Kg8 14. Qh3 Nf6 15.
Ndf3 fxg6 16. Qxe6+ Rf7 17. Nxf7 Bxf4 18. N7e5+ Kh7 19. exf4 1-0

[Event "Thüringenliga 2016/2017"]
[Site "?"]
[Date "2016.09.25"]
[Round "1"]
[White "Sperhake, Franz"]
[Black "Maiwald, Harald"]
[Result "1-0"]
[WhiteElo "1819"]
[BlackElo "1993"]
[PlyCount "139"]
[EventDate "2016.??.??"]
[WhiteTeam "SV Hermsdorf"]
[BlackTeam "TSG Apolda"]

1. d4 Nf6 2. e3 g6 3. Nf3 Bg7 4. Bd3 d6 5. c4 Nbd7 6. Nbd2 e5 7. O-O O-O 8. Qc2
Re8 9. b4 Qe7 10. dxe5 dxe5 11. Ne4 Nxe4 12. Bxe4 c6 13. Qb3 Nf6 14. Bc2 e4 15.
Nd4 a5 16. b5 c5 17. Ne2 Ng4 18. Bb2 a4 19. Qa3 Qh4 20. h3 Bxb2 21. Qxb2 Ne5
22. Nf4 g5 23. Nd5 g4 24. Bxe4 gxh3 25. Qc2 hxg2 26. Bxg2 Ng4 27. Rfd1 Re5 28.
Nf4 Bf5 29. Qb2 Be4 30. Bxe4 Qh2+ 31. Kf1 Nxe3+ 32. Ke2 Nxc4 33. Qc1 Rxe4+ 34.
Kf3 Rxf4+ 35. Qxf4 Ne5+ 36. Ke4 Re8 37. Rg1+ Kf8 38. Qxh2 Ng4+ 39. Kf4 Nxh2 40.
Rh1 Ng4 41. Kxg4 Re4+ 42. Kf3 Rb4 43. Rab1 Rd4 44. Rb2 Kg7 45. Rc1 b6 46. Rbc2
Rb4 47. Rc4 Rxb5 48. Rxa4 Rb2 49. Ra6 Kf6 50. a4 Ke5 51. a5 Rb3+ 52. Kg2 Ra3
53. Rxb6 Rxa5 54. Rh6 f5 55. Rxh7 Kd4 56. Rd7+ Ke5 57. Re1+ Kf4 58. Rd5 Ra6 59.
Rxc5 Rg6+ 60. Kf1 Rh6 61. Rc4+ Kg5 62. Re8 Ra6 63. Rf8 Ra5 64. Kg2 Rb5 65. Kg3
Rb3+ 66. f3 Rb5 67. Rc6 f4+ 68. Rxf4 Rb1 69. Ra4 Rb5 70. Rac4 1-0

[Event "Thüringenliga 2016/2017"]
[Site "?"]
[Date "2016.09.25"]
[Round "1"]
[White "Schmidt, Matthias"]
[Black "Pietzsch, Gerhard"]
[Result "1/2-1/2"]
[WhiteElo "1956"]
[BlackElo "1832"]
[PlyCount "58"]
[EventDate "2016.??.??"]
[WhiteTeam "TSG Apolda"]
[BlackTeam "SV Hermsdorf"]

1. e4 c5 2. b3 d6 3. Bb2 Nf6 4. Nc3 Nc6 5. Bb5 Bd7 6. f4 a6 7. Bxc6 Bxc6 8. d3
e6 9. Nf3 Be7 10. O-O O-O 11. Qe1 Nh5 12. Ne2 f5 13. e5 Bxf3 14. Rxf3 d5 15. d4
c4 16. Bc3 Rc8 17. b4 Rf7 18. a4 g6 19. Bd2 Qf8 20. c3 Qd8 21. Kh1 Bh4 22. Qd1
Be7 23. Qc2 Bf8 24. Rg1 Ng7 25. Qd1 Be7 26. Qc1 Qd7 27. Qc2 Ra8 28. Qd1 a5 29.
b5 b6 1/2-1/2

[Event "Thüringenliga 2016/2017"]
[Site "?"]
[Date "2016.09.25"]
[Round "1"]
[White "Hädrich, Dirk"]
[Black "Römer, Norbert"]
[Result "1-0"]
[WhiteElo "1770"]
[BlackElo "1853"]
[PlyCount "95"]
[EventDate "2016.??.??"]
[WhiteTeam "SV Hermsdorf"]
[BlackTeam "TSG Apolda"]

1. d4 Nf6 2. Bg5 Ne4 3. Bf4 g5 4. Be5 Rg8 5. e3 d6 6. Bg3 Nd7 7. Bd3 Ndf6 8.
Ne2 Bf5 9. f3 Nxg3 10. Nxg3 Bxd3 11. Qxd3 Qd7 12. Nc3 O-O-O 13. d5 h5 14. O-O-O
Kb8 15. e4 h4 16. Nge2 Nh5 17. g4 Nf6 18. h3 Qc8 19. Qe3 Nd7 20. Nb5 Nb6 21.
Qa3 a6 22. Nbd4 e6 23. Nc3 Bg7 24. Qb3 e5 25. Nf5 Qd7 26. Rd2 Bf6 27. a4 Qc8
28. Rhd1 Nd7 29. Qc4 Nb6 30. Qb4 Ka7 31. a5 Nd7 32. Na4 Qb8 33. Rd3 Rc8 34. Kd2
Bd8 35. Ke2 Rg6 36. c4 b6 37. axb6+ cxb6 38. Ra1 Nc5 39. Nxc5 bxc5 40. Qa3 a5
41. Rb3 Qc7 42. Ne7 Ka6 43. Rb5 Rb8 44. Qb3 Rxb5 45. Qxb5+ Ka7 46. Nc6+ Ka8 47.
Rxa5+ Qxa5 48. Qb8# 1-0

[Event "Thüringenliga 2016/2017"]
[Site "?"]
[Date "2016.09.25"]
[Round "1"]
[White "Steiger, Jürgen"]
[Black "Moje, Hans-Jürgen"]
[Result "1-0"]
[WhiteElo "1920"]
[BlackElo "1746"]
[PlyCount "78"]
[EventDate "2016.??.??"]
[WhiteTeam "TSG Apolda"]
[BlackTeam "SV Hermsdorf"]

1. e4 e5 2. Nf3 Nc6 3. Nc3 Nf6 4. Bb5 Bb4 5. O-O O-O 6. d3 h6 7. Bxc6 Bxc3 8.
bxc3 dxc6 9. Nxe5 Re8 10. Nc4 Ng4 11. f3 Nxh2 12. Kxh2 Qh4+ 13. Kg1 Re6 14. Qe1
Qh5 15. Bf4 Rg6 16. Kf2 Qh4+ 17. Ke3 Qe7 18. g4 b5 19. Na5 f5 20. gxf5 Bxf5 21.
Nb3 Rf8 22. Bh2 Bh3 23. Rf2 Qh4 24. Nd2 Qg5+ 25. Ke2 Qc5 26. Qb1 Qh5 27. Qh1
Qc5 28. Rg1 Qh5 29. Rxg6 Qxg6 30. Be5 Qe6 31. d4 g5 32. Qg1 g4 33. Rh2 Kf7 34.
f4 Qxa2 35. Kd3 c5 36. dxc5 Rd8+ 37. Bd4 Qa6 38. Ke3 b4 39. cxb4 Qa3+ {ZÜ} 1-0

[Event "Landesklasse Ost 2016/2017"]
[Site "?"]
[Date "2016.11.27"]
[Round "3"]
[White "Seidens, Gunter"]
[Black "Kalisch, Michael"]
[Result "1/2-1/2"]
[WhiteElo "1908"]
[BlackElo "2103"]
[PlyCount "75"]
[EventDate "2016.??.??"]
[WhiteTeam "VfL 1990 Gera"]
[BlackTeam "ESV Lok Sömmerda"]

1. d4 Nf6 2. Nf3 d5 3. e3 e6 4. Bd3 c5 5. b3 Be7 6. Nbd2 O-O 7. Bb2 b6 8. Qe2
Bb7 9. O-O Nbd7 10. Ng5 h6 11. Ngf3 Rc8 12. Ne5 Ne4 13. f4 Nxe5 14. fxe5 Nxd2
15. Qxd2 c4 16. Be2 Qc7 17. c3 f6 18. exf6 Bxf6 19. bxc4 dxc4 20. Bg4 Rfe8 21.
Bh5 Red8 22. Bg6 Rd5 23. Bc2 Rh5 24. g3 Rb5 25. Bc1 e5 26. Rb1 Qc6 27. e4 exd4
28. Rxb5 Qxb5 29. cxd4 Rd8 30. Rxf6 gxf6 31. Qxh6 Qd7 32. Bb2 Qg7 33. Qh3 Qg5
34. Qe6+ Kh8 35. d5 Qe3+ 36. Kg2 Qe2+ 37. Kg1 Qe3+ 38. Kg2 1/2-1/2

[Event "Landesklasse Ost 2016/2017"]
[Site "?"]
[Date "2016.11.27"]
[Round "3"]
[White "Kühn, Martin"]
[Black "Schönfeld, Volker"]
[Result "1-0"]
[WhiteElo "1930"]
[BlackElo "1901"]
[PlyCount "77"]
[EventDate "2016.??.??"]
[WhiteTeam "ESV Lok Sömmerda"]
[BlackTeam "VfL 1990 Gera"]

1. d4 Nf6 2. Nf3 d5 3. c4 g6 4. Bf4 Bg7 5. e3 c5 6. Nc3 O-O 7. Be2 cxd4 8. Nxd4
dxc4 9. Bxc4 a6 10. O-O b5 11. Bb3 Bb7 12. Qe2 Nbd7 13. Nf3 Nc5 14. Bc2 Nh5 15.
Bg5 Qc7 16. Rac1 Bxc3 17. bxc3 Ne4 18. Bxe4 Bxe4 19. Nd2 Bb7 20. c4 Qe5 21. f4
Qb2 22. a4 f6 23. Bh6 Rfd8 24. Rfd1 bxa4 25. Rb1 Rxd2 26. Qxd2 Qxd2 27. Rxd2
Be4 28. Rb4 a5 29. Rxa4 Bc6 30. Ra1 f5 31. Bg5 Kf7 32. Bh4 Ng7 33. Rb2 Ra6 34.
c5 Be8 35. Rb7 Re6 36. Rxa5 Rxe3 37. Raa7 Bc6 38. Rxe7+ Rxe7 39. Bxe7 1-0

[Event "Landesklasse Ost 2016/2017"]
[Site "?"]
[Date "2016.11.27"]
[Round "3"]
[White "Koksch, Robert"]
[Black "Richter, Sven"]
[Result "1/2-1/2"]
[WhiteElo "1879"]
[BlackElo "1952"]
[PlyCount "23"]
[EventDate "2016.??.??"]
[WhiteTeam "ESV Lok Sömmerda"]
[BlackTeam "VfL 1990 Gera"]

1. d4 Nf6 2. c4 g6 3. Nc3 Bg7 4. e4 d6 5. f4 O-O 6. Nf3 c5 7. d5 e6 8. Be2 exd5
9. cxd5 Re8 10. Nd2 Qa5 11. O-O a6 12. Nc4 1/2-1/2

[Event "Landesklasse Ost 2016/2017"]
[Site "?"]
[Date "2016.11.27"]
[Round "3"]
[White "Kretzschmar, Bernd"]
[Black "Wanzek, Daniel"]
[Result "1/2-1/2"]
[WhiteElo "1822"]
[BlackElo "2039"]
[PlyCount "141"]
[EventDate "2016.??.??"]
[WhiteTeam "VfL 1990 Gera"]
[BlackTeam "ESV Lok Sömmerda"]

1. e4 d5 2. exd5 Qxd5 3. Nc3 Qa5 4. d4 Nf6 5. Nf3 Bg4 6. h3 Bh5 7. Bd2 e6 8. g4
Bg6 9. Ne5 Nbd7 10. Nc4 Qa6 11. h4 O-O-O 12. h5 Be4 13. Rh3 Qc6 14. Na5 Qb6 15.
Nb5 a6 16. Nc4 Qxb5 17. Nd6+ Bxd6 18. Bxb5 axb5 19. Qe2 Bc6 20. O-O-O Ne4 21.
Be3 h6 22. f4 Ndf6 23. g5 Nd5 24. Rf1 hxg5 25. fxg5 Ng3 26. Rxg3 Bxg3 27. Rxf7
Rdf8 28. g6 Rxf7 29. gxf7 Rf8 30. Qg4 Nxe3 31. Qxg7 Bd6 32. h6 Nf5 33. Qxf8+
Bxf8 34. h7 Kd7 35. h8=Q Ke7 36. Qe5 Nd6 37. b3 Kxf7 38. Qh5+ Ke7 39. Qg5+ Kd7
40. Qf6 Be7 41. Qe5 b4 42. Kb2 Ne4 43. Qg7 Bd5 44. Kb1 Kd6 45. a4 bxa3 46. c4
Bc6 47. Ka2 Kd7 48. b4 b5 49. c5 Nc3+ 50. Kxa3 Nd5 51. Kb3 Kc8 52. Qg8+ Kd7 53.
Qg7 Nf6 54. Kb2 Bd5 55. Kc3 Bc4 56. Kb2 Nd5 57. Ka3 c6 58. Qe5 Nc7 59. Qg7 Ne8
60. Qh7 Kd8 61. Qh2 Bf6 62. Qf4 Ke7 63. Kb2 Bd5 64. Ka3 Kf7 65. Kb2 Ng7 66.
Qc7+ Kg8 67. Qf4 Nf5 68. Qg4+ Kf8 69. Qg6 Bxd4+ 70. Ka3 Ne3 71. Qf7+ 1/2-1/2

[Event "Landesklasse Ost 2016/2017"]
[Site "?"]
[Date "2016.11.27"]
[Round "3"]
[White "Kirste, Olaf"]
[Black "Drechsel, Uwe"]
[Result "1-0"]
[WhiteElo "1861"]
[BlackElo "1826"]
[PlyCount "69"]
[EventDate "2016.??.??"]
[WhiteTeam "ESV Lok Sömmerda"]
[BlackTeam "VfL 1990 Gera"]

1. c4 e6 2. Nc3 d5 3. d4 Nf6 4. Nf3 Be7 5. Qc2 Nbd7 6. Bg5 h6 7. Bh4 O-O 8. e3
b6 9. cxd5 exd5 10. Bd3 c5 11. O-O Re8 12. Bb5 Bb7 13. Ne5 Rf8 14. Nc6 Qe8 15.
Qa4 a6 16. Nxe7+ Qxe7 17. Bxd7 Qxd7 18. Bxf6 Bc6 19. Qd1 gxf6 20. Qf3 Kh7 21.
Rfd1 Qe6 22. Ne2 c4 23. Nf4 Qf5 24. Rac1 Rac8 25. Rc3 Rg8 26. Qh5 Qd7 27. Qh3
Qe7 28. Qf5+ Kh8 29. h4 Rcd8 30. Rd2 Bb7 31. f3 Bc8 32. Nxd5 Qb7 33. Qxf6+ Kh7
34. Ne7 Rge8 35. Qxf7+ 1-0

[Event "Landesklasse Ost 2016/2017"]
[Site "?"]
[Date "2016.11.27"]
[Round "3"]
[White "Welde, Kevin"]
[Black "Böhnke, Hartmut"]
[Result "1-0"]
[WhiteElo "1888"]
[BlackElo "1748"]
[PlyCount "49"]
[EventDate "2016.??.??"]
[WhiteTeam "VfL 1990 Gera"]
[BlackTeam "ESV Lok Sömmerda"]

1. d4 d5 2. Nf3 Nf6 3. c4 c6 4. cxd5 cxd5 5. Nc3 e6 6. Bg5 Be7 7. e3 O-O 8. Bd3
h6 9. Bh4 b6 10. O-O Ba6 11. Ne5 Bxd3 12. Qxd3 Nfd7 13. Nxd7 Qxd7 14. Bxe7 Qxe7
15. Rac1 Nd7 16. Rc2 Rfc8 17. Rfc1 Qd8 18. Nb5 Rxc2 19. Rxc2 a5 20. Qc3 Qe7 21.
a3 Qd8 22. g3 h5 23. Qc6 h4 24. Kg2 Qf6 25. Qxa8+ 1-0

[Event "Landesklasse Ost 2016/2017"]
[Site "?"]
[Date "2016.11.27"]
[Round "3"]
[White "Berger, Nils"]
[Black "Walther, Thomas"]
[Result "0-1"]
[WhiteElo "1709"]
[BlackElo "1852"]
[PlyCount "52"]
[EventDate "2016.??.??"]
[WhiteTeam "ESV Lok Sömmerda"]
[BlackTeam "VfL 1990 Gera"]

1. e4 c5 2. Nc3 a6 3. f4 Nc6 4. Nf3 g6 5. d4 cxd4 6. Nxd4 Bg7 7. e5 d6 8. Nxc6
bxc6 9. exd6 Qxd6 10. Bd2 Nf6 11. Be2 Qc5 12. Bf3 Nd5 13. Bxd5 cxd5 14. Qf3 Be6
15. g4 h5 16. g5 Rd8 17. Qd3 O-O 18. Rf1 Bf5 19. Qxa6 d4 20. Qb5 Qd6 21. Ne2
Bxc2 22. Rc1 d3 23. Nc3 Qe6+ 24. Kf2 Qg4 25. Rg1 Bd4+ 26. Be3 Qxf4+ 0-1

[Event "Landesklasse Ost 2016/2017"]
[Site "?"]
[Date "2016.11.27"]
[Round "3"]
[White "Schlierf, Andre"]
[Black "Hannewald, Anton"]
[Result "0-1"]
[WhiteElo "1841"]
[BlackElo "1961"]
[PlyCount "100"]
[EventDate "2016.??.??"]
[WhiteTeam "Schachklub Weida"]
[BlackTeam "SC Rochade Zeulenroda"]

1. c4 g6 2. Nc3 c5 3. g3 Bg7 4. Bg2 Nc6 5. e4 e5 6. d3 Nge7 7. Nge2 O-O 8. O-O
d6 9. Bg5 h6 10. Be3 Be6 11. Qd2 Kh7 12. Nd5 Qd7 13. Nec3 Nd4 14. f4 Nxd5 15.
Nxd5 Bxd5 16. Bxd4 Bxc4 17. f5 exd4 18. dxc4 Be5 19. Qd3 Qa4 20. b3 Qa5 21. Rf3
g5 22. Bf1 Kg7 23. Be2 Kf6 24. Rf2 Rg8 25. Bg4 Qc3 26. Rd1 Qxd3 27. Rxd3 h5 28.
Be2 g4 29. Rg2 Ke7 30. Rd2 Bf6 31. Bd3 Kd7 32. Rb2 a5 33. a4 Bg5 34. Rbe2 Rge8
35. Kf1 Re5 36. Ke1 Rh8 37. Kd1 Ke7 38. Ref2 Kf6 39. Rf1 Rhe8 40. Re2 Be3 41.
Rh1 h4 42. Rg2 h3 43. Re2 Rxe4 44. Bxe4 Rxe4 45. Kc2 Re5 46. Rf1 Rxf5 47. Rxf5+
Kxf5 48. Kd3 Ke5 49. Re1 f5 50. Rf1 f4 0-1

[Event "Landesklasse Ost 2016/2017"]
[Site "?"]
[Date "2016.11.27"]
[Round "3"]
[White "Fuchs, Antje"]
[Black "Schumann, Robert"]
[Result "0-1"]
[WhiteElo "1921"]
[BlackElo "1847"]
[PlyCount "72"]
[EventDate "2016.??.??"]
[WhiteTeam "SC Rochade Zeulenroda"]
[BlackTeam "Schachklub Weida"]

1. e4 e5 2. Nf3 Nc6 3. Bb5 Nf6 4. O-O Bc5 5. c3 a6 6. Bxc6 dxc6 7. Nxe5 Nxe4 8.
d4 Be7 9. Bf4 O-O 10. Nd2 Nxd2 11. Qxd2 Be6 12. b4 Bd6 13. Rfe1 Qh4 14. Bg3 Qh5
15. Re4 f5 16. Rh4 Qe8 17. f4 Bxe5 18. fxe5 Qf7 19. Bf4 a5 20. a3 axb4 21. cxb4
Rfd8 22. Qe3 Rd5 23. Rd1 Rad8 24. Bg5 R8d7 25. Rd2 Qg6 26. Bf4 b6 27. Rh3 c5
28. bxc5 bxc5 29. Rg3 Qf7 30. Bh6 g6 31. Rb2 cxd4 32. Qg5 Rd8 33. Rgb3 Re8 34.
Rb8 Bc8 35. Qf4 Qe6 36. R2b4 d3 0-1

[Event "Landesklasse Ost 2016/2017"]
[Site "?"]
[Date "2016.11.27"]
[Round "3"]
[White "Künzel, Andre"]
[Black "Mucha, Annegret"]
[Result "0-1"]
[WhiteElo "1835"]
[BlackElo "1963"]
[PlyCount "60"]
[EventDate "2016.??.??"]
[WhiteTeam "Schachklub Weida"]
[BlackTeam "SC Rochade Zeulenroda"]

1. d4 Nf6 2. Nf3 b6 3. e3 Bb7 4. Bd3 e6 5. O-O Be7 6. c4 O-O 7. Nc3 d5 8. b3
Ne4 9. Qc2 f5 10. Nb1 Nd7 11. Ba3 c5 12. Rd1 Rc8 13. Qe2 Bd6 14. Nfd2 Qh4 15.
f4 g5 16. dxc5 Ndxc5 17. Bxe4 fxe4 18. g3 Qh6 19. Qg4 Qf6 20. Bb4 Be7 21. Bc3
Qg6 22. Bd4 h5 23. Qe2 gxf4 24. exf4 Rxf4 25. Nc3 h4 26. Qg2 hxg3 27. hxg3 Rg4
28. Nf1 dxc4 29. Ne2 e3 30. Qh3 Rh4 0-1

[Event "Landesklasse Ost 2016/2017"]
[Site "?"]
[Date "2016.11.27"]
[Round "3"]
[White "Glock, Benjamin"]
[Black "Wagner, Uwe"]
[Result "1-0"]
[WhiteElo "1787"]
[BlackElo "1690"]
[PlyCount "43"]
[EventDate "2016.??.??"]
[WhiteTeam "SC Rochade Zeulenroda"]
[BlackTeam "Schachklub Weida"]

1. d4 Nf6 2. c4 e6 3. Nf3 d5 4. Bg5 Be7 5. e3 O-O 6. Bd3 h6 7. Bh4 Ne4 8. Bxe7
Qxe7 9. O-O b6 10. Qc2 Bb7 11. Ne5 Nd7 12. cxd5 Nef6 13. dxe6 Nxe5 14. dxe5 Nd5
15. exf7+ Rxf7 16. Bc4 Qxe5 17. e4 b5 18. Bb3 c5 19. Bxd5 Bxd5 20. exd5 Qxd5
21. Nc3 Qc6 22. Qe4 1-0

[Event "Landesklasse Ost 2016/2017"]
[Site "?"]
[Date "2016.11.27"]
[Round "3"]
[White "Urban, Bernd"]
[Black "Barth, Christian"]
[Result "1/2-1/2"]
[WhiteElo "1724"]
[BlackElo "1848"]
[PlyCount "164"]
[EventDate "2016.??.??"]
[WhiteTeam "Schachklub Weida"]
[BlackTeam "SC Rochade Zeulenroda"]

1. c4 e5 2. Nc3 Nf6 3. Nf3 Nc6 4. e3 d5 5. d4 exd4 6. exd4 Bg4 7. Be2 Bb4 8.
O-O O-O 9. Bg5 dxc4 10. a3 Be7 11. Bxc4 Bxf3 12. Qxf3 Qxd4 13. Bb5 Ne5 14. Qxb7
Rab8 15. Qxc7 Bd6 16. Be3 Qxe3 17. Qxd6 Qf4 18. Rad1 Nfg4 19. g3 Qf5 20. Be2
Rxb2 21. Bxg4 Nxg4 22. Nd5 Qe6 23. Ne7+ Kh8 24. Nc6 Qxd6 25. Rxd6 Rb6 26. Rfd1
g6 27. h3 Nh6 28. Nxa7 Rxd6 29. Rxd6 Ra8 30. Rd7 Kg7 31. Kg2 Kf6 32. Nb5 Ra4
33. Ra7 Rc4 34. a4 Nf5 35. a5 Ra4 36. a6 Ne7 37. Nc7 Nc6 38. Ra8 Ke7 39. Nb5
Kd7 40. a7 h5 41. Rf8 Nd8 42. Kh2 Ke7 43. Rg8 Kd7 44. g4 hxg4 45. hxg4 Ke7 46.
Kg3 Ra2 47. f3 Ra1 48. Kf4 Ne6+ 49. Ke4 Nf8 50. Kd5 Ra6 51. Kc4 f6 52. f4 Kf7
53. Rh8 g5 54. f5 Ra1 55. Rh3 Nd7 56. Ra3 Re1 57. a8=Q Nb6+ 58. Kb3 Nxa8 59.
Rxa8 Rb1+ 60. Kc4 Rg1 61. Ra7+ Kg8 62. Kd5 Rxg4 63. Ke6 Rb4 64. Nd6 Rb6 65. Rd7
g4 66. Kxf6 g3 67. Kg6 Rb8 68. Rg7+ Kf8 69. Kh7 g2 70. Rxg2 Rb1 71. f6 Rh1+ 72.
Kg6 Rh6+ 73. Kf5 Rxf6+ 74. Ke5 Rf1 75. Nf5 Ra1 76. Ke6 Ra6+ 77. Nd6 Rb6 78. Rg3
Ra6 79. Kd7 Ra7+ 80. Ke6 Ra6 81. Rf3+ Kg7 82. Rg3+ Kf8 1/2-1/2

[Event "Landesklasse Ost 2016/2017"]
[Site "?"]
[Date "2016.11.27"]
[Round "3"]
[White "Skibbe, Diana"]
[Black "Heine, Mario"]
[Result "0-1"]
[WhiteElo "1935"]
[BlackElo "1783"]
[PlyCount "101"]
[EventDate "2016.??.??"]
[WhiteTeam "SC Rochade Zeulenroda"]
[BlackTeam "Schachklub Weida"]

1. e4 d6 2. d4 Nf6 3. Nc3 c6 4. Bg5 Nbd7 5. f4 Qa5 6. Bd3 e5 7. Nf3 Be7 8. Qd2
Qc7 9. O-O h6 10. Bh4 exf4 11. e5 dxe5 12. dxe5 Nxe5 13. Nxe5 Qxe5 14. Rae1
Qc5+ 15. Bf2 Qd6 16. Qe2 Be6 17. Rd1 Bg4 18. Ne4 Qe6 19. Nxf6+ Bxf6 20. Qd2 O-O
21. Rde1 Qxa2 22. Qxf4 Bh5 23. b3 Qa5 24. Qc4 Rfe8 25. g4 Qg5 26. h3 Bg6 27.
Rxe8+ Rxe8 28. Bxa7 Bxd3 29. Qxd3 Rd8 30. Qe4 Qh4 31. Qe3 h5 32. Bb6 Ra8 33.
Qf3 Re8 34. gxh5 Re5 35. Kh2 Rxh5 36. Bc7 Rd5 37. Rf2 Qg5 38. Bg3 Rd2 39. Qg2
Rxf2 40. Qxf2 Be5 41. Bxe5 Qxe5+ 42. Kg2 Qe4+ 43. Kh2 f5 44. h4 Kh7 45. c4 g6
46. Qd2 Qxh4+ 47. Kg2 Qe7 48. Kg3 g5 49. Qd3 Kg6 50. Qc3 f4+ 51. Kh3 0-1